Radio astronomy and radar (Record no. 1818)

MARC details
000 -LEADER
fixed length control field 00530nam a2200181Ia 4500
003 - CONTROL NUMBER IDENTIFIER
control field IN-BaIIA
008 - FIXED-LENGTH DATA ELEMENTS--GENERAL INFORMATION
fixed length control field 211028s9999 xx 000 0 eng d
040 ## - CATALOGING SOURCE
Transcribing agency IIA Library
080 ## - UNIVERSAL DECIMAL CLASSIFICATION NUMBER
Universal Decimal Classification number 52-77
Item number CRO
100 ## - MAIN ENTRY--PERSONAL NAME
Personal name Crowther, J. G.
9 (RLIN) 3501
245 #0 - TITLE STATEMENT
Title Radio astronomy and radar
Statement of responsibility, etc. J. G. Crowther
260 ## - PUBLICATION, DISTRIBUTION, ETC.
Place of publication, distribution, etc. Strand
Name of publisher, distributor, etc. Methuen
Date of publication, distribution, etc. 1958
300 ## - PHYSICAL DESCRIPTION
Extent 64p.
650 ## - SUBJECT ADDED ENTRY--TOPICAL TERM
Topical term or geographic name entry element Astronomy and astrophysics thesaurus
650 ## - SUBJECT ADDED ENTRY--TOPICAL TERM
Topical term or geographic name entry element Radar astronomy
9 (RLIN) 2936
650 ## - SUBJECT ADDED ENTRY--TOPICAL TERM
Topical term or geographic name entry element Radio astronomy
9 (RLIN) 2849
942 ## - ADDED ENTRY ELEMENTS (KOHA)
Koha item type Books
Holdings
Withdrawn status Lost status Damaged status Not for loan Home library Current library Shelving location Date acquired Total Checkouts Full call number Barcode Date last seen Price effective from Koha item type
        IIA Library-Bangalore IIA Library-Bangalore General Stacks     52-77/ CRO 1995 05/11/2021   Books

Powered by Koha